| 000 | 00596nam a22001697a 4500 | ||
|---|---|---|---|
| 008 | 130205s2013 ua ||||| |||| 00| 0 ara d | ||
| 020 | _a9771445103 | ||
| 082 |
_a217.6 _bخ ر ب _222 |
||
| 100 |
_aالخرباوى، ثروت _932394 |
||
| 245 |
_aقلب الاخوان : _bمحاكم تفتيش الجماعة / _cتأليف ثروت الخرباوى. |
||
| 250 | _aط. 1. | ||
| 260 |
_aالقاهرة : _bدار نهضة مصر، _c2013. |
||
| 300 |
_a311 ص. ؛ _c19 سم. |
||
| 650 |
_aالاخوان المسلمون _915845 |
||
| 653 |
_bAra _cFebruary2013 |
||
| 942 |
_2ddc _cBB _k217.6 خ ر ب |
||
| 999 |
_c17228 _d17200 |
||